Autonmerkkivisa - Statistics

Yleistilastot
  • Tätä visaa on pelattu 329 kertaa
  • Keskiarvotulos 40 / 80
Vastaustilastot
Kuvavisa Hint Vastaus % Oikein
Saksa Audi
94%
Saksa BMW
90%
Yhdysvallat Ford
90%
Japani Honda
88%
Saksa Mercedes-Benz
87%
Italia Ferrari
86%
Iso-Britannia Jaguar
85%
Italia Alfa Romeo
83%
Iso-Britannia Aston Martin
81%
Iso-Britannia Bentley
79%
Tšekki Skoda
78%
Japani Toyota
78%
Italia Lamborghini
77%
Japani Mazda
77%
Saksa Opel
77%
Yhdysvallat Chevrolet
75%
Yhdysvallat Tesla
75%
Japani Mitsubishi
74%
Etelä-Korea Hyundai
73%
Japani Lexus
73%
Iso-Britannia Mini
73%
Saksa Volkswagen
72%
Ruotsi Volvo
72%
Iso-Britannia Land Rover
69%
Japani Suzuki
69%
Espanja Seat
68%
Japani Subaru
68%
Yhdysvallat Jeep
65%
Saksa Porsche
64%
Ranska Renault
64%
Ruotsi Saab
63%
Japani Datsun
62%
Yhdysvallat Dodge
61%
Ranska Citroën
58%
Italia Fiat
57%
Etelä-Korea Kia
56%
Japani Nissan
56%
Italia Maserati
54%
Ranska Bugatti
53%
Iso-Britannia Rolls-Royce
53%
Neuvostoliitto / Venäjä Lada
52%
Ranska Peugeot
52%
Yhdysvallat Cadillac
47%
Yhdysvallat Corvette
47%
Italia Pagani
47%
Japani Isuzu
44%
Italia Lancia
44%
Iso-Britannia Lotus
43%
Yhdysvallat Chrysler
42%
Japani Infiniti
42%
Iso-Britannia McLaren
42%
Kiina Polestar
42%
Etelä-Korea Genesis
41%
Japani Acura
38%
Italia Abarth
37%
Yhdysvallat Buick
34%
Romania Dacia
30%
Iso-Britannia MG
30%
Ruotsi Koenigsegg
28%
Yhdysvallat Lincoln
28%
Saksa Maybach
28%
Ranska Alpine
27%
Saksa Smart
24%
Etelä-Korea Daewoo
23%
Iso-Britannia Morgan
23%
Yhdysvallat Pontiac
22%
Japani Daihatsu
19%
Iso-Britannia Vauxhall
18%
Iso-Britannia Morris
11%
Neuvostoliitto / Venäjä Moskvitš
10%
Itä-Saksa Trabant
10%
Yhdysvallat Plymouth
9%
Iso-Britannia TVR
9%
Neuvostoliitto / Venäjä Volga
9%
Yhdysvallat Mercury
8%
Iso-Britannia Rover
8%
Yhdysvallat Saturn
8%
Etelä-Korea SsangYong
8%
Italia De Tomaso
6%
Neuvostoliitto / Venäjä UAZ
6%
Ehtoja vastaavia visoja ei löytynyt
Tulosjakauma
Jokaisen tuloksen saaneiden osuus
Persentiili vastausten määrän mukaan
Tuloshistoriasi
Et ole pelannut tätä visaa